| 000 | 00672nam a22001937a 4500 | ||
|---|---|---|---|
| 999 |
_c191719 _d191719 |
||
| 005 | 20220901121830.0 | ||
| 010 | _aUR-11696 | ||
| 020 |
_a9789392496622 _c150.00 |
||
| 035 | _aU-10251 | ||
| 037 |
_bDBAD/PUB _a- |
||
| 082 | _a840.08 | ||
| 100 | _aرضوان الّاہ آروی | ||
| 245 |
_aچراغوں کا دھواں : _bرپور تاژ / _cرضوان الّاہ آروی _hا ر د و |
||
| 246 |
_aChiraghon Ka Dhuwan / _bby Rizwanullah Arvi |
||
| 260 |
_aNew Delhi _bEducational Publishing House _c2021 ء |
||
| 270 |
_aH.O. D1/16, Ansari Road, Daryaganj _bNew Delhi _e110002 |
||
| 300 |
_a104 ص _c23cm(Hb) |
||
| 942 |
_2ddc _cUR _h840.08 _mر ض و |
||